[Event "4NCL/Div3/GUI4 vs. SWD2"]
[Site "Sunningdale ENG"]
[Date "2006.09.17"]
[Round "2.5"]
[White "Chai, Wei Koong"]
[Black "Bennion, David A"]
[Result "0-1"]
[WhiteElo "1985"]
[BlackElo "2096"]
[PlyCount "76"]
[EventDate "2006.09.17"]
[EventType "team"]
[EventRounds "11"]
[EventCountry "ENG"]
[WhiteTeam "Guildford-ADC 4"]
[BlackTeam "S W Dragons 2"]

1. e4 e6 2. d4 d5 3. e5 c5 4. c3 Nc6 5. Nf3 Be7 6. Be2 Bd7 7. Na3 Nh6 8. Nc2
Nf5 9. Ne3 g6 10. g4 Nh4 11. Nxh4 Bxh4 12. Ng2 Be7 13. Be3 cxd4 14. cxd4 Qa5+
15. Kf1 O-O 16. h4 Qb4 17. b3 f6 18. h5 g5 19. Rh3 fxe5 20. dxe5 d4 21. a3 Qb6
22. Rf3 Rfd8 23. Bc1 Nxe5 24. Rg3 Rf8 25. Bd3 Nxd3 26. Rxd3 Bb5 27. Bb2 e5 28.
a4 Qf6 29. f4 Bxd3+ 30. Qxd3 gxf4 31. Qf3 Qc6 32. Ne1 e4 33. Qf2 e3 34. Qf3
Rad8 35. Rd1 Qxf3+ 36. Nxf3 d3 37. Ke1 Bb4+ 38. Nd2 f3 0-1

[Event "4NCL/Div3/GUI4 vs. SWD2"]
[Site "Sunningdale ENG"]
[Date "2006.09.17"]
[Round "2.6"]
[White "Thornton, John"]
[Black "Tuddenham, David"]
[Result "1-0"]
[WhiteElo "2142"]
[BlackElo "1985"]
[PlyCount "75"]
[EventDate "2006.09.17"]
[EventType "team"]
[EventRounds "11"]
[EventCountry "ENG"]
[WhiteTeam "S W Dragons 2"]
[BlackTeam "Guildford-ADC 4"]

1. e4 e6 2. d4 d5 3. Nc3 Bb4 4. e5 c5 5. a3 Bxc3+ 6. bxc3 Ne7 7. Nf3 Qc7 8. h4
Bd7 9. h5 Ba4 10. h6 g6 11. Bd3 cxd4 12. cxd4 Nbc6 13. Rb1 Rc8 14. Bg5 Nf5 15.
Bxf5 exf5 16. Bf6 O-O 17. O-O Nd8 18. Bxd8 Rfxd8 19. Qd2 Qe7 20. c3 Rd7 21. Rb4
b5 22. Re1 Rdc7 23. Re3 Qf8 24. Nh4 f4 25. Rh3 Qxh6 26. Nf5 Qg5 27. Nd6 Rb8 28.
Rg3 Qh5 29. Rh3 Qg4 30. Rb1 a5 31. Rf3 g5 32. Qd3 Rb6 33. Rh3 f6 34. Ne8 Rf7
35. Nxf6+ Rbxf6 36. exf6 Rxf6 37. Qxh7+ Kf8 38. Re1 1-0

[Event "4NCL/Div3/GUI4 vs. SWD2"]
[Site "Sunningdale ENG"]
[Date "2006.09.17"]
[Round "2.7"]
[White "Gibbs, Daniel"]
[Black "Blackburn, Suzie"]
[Result "0-1"]
[WhiteElo "1985"]
[BlackElo "1855"]
[PlyCount "125"]
[EventDate "2006.09.17"]
[EventType "team"]
[EventRounds "11"]
[EventCountry "ENG"]
[WhiteTeam "Guildford-ADC 4"]
[BlackTeam "S W Dragons 2"]

1. d4 Nf6 2. Nf3 e6 3. c4 b6 4. Nc3 Bb7 5. Bg5 Bb4 6. Qc2 h6 7. Bh4 g5 8. Bg3
Be4 9. Qb3 Nc6 10. a3 Ba5 11. e3 d6 12. Nd2 Bxc3 13. Qxc3 O-O 14. f3 Bg6 15.
Bf2 Ne7 16. g4 Kg7 17. h4 Rh8 18. h5 Bh7 19. e4 Nd7 20. Bg3 f6 21. b4 a5 22.
Rc1 axb4 23. axb4 e5 24. d5 Ra2 25. Bf2 Qa8 26. c5 Ra3 27. Qc4 bxc5 28. bxc5
Rb8 29. Be2 Qa5 30. cxd6 cxd6 31. O-O Rb7 32. Nb1 Ra4 33. Qc3 Qa8 34. Rfd1 Rab4
35. Qe1 Rb2 36. Nc3 Bg8 37. Qf1 Bf7 38. Nb5 Qb8 39. Rb1 Rxb1 40. Rxb1 Be8 41.
Rc1 Nb6 42. Kg2 Bxb5 43. Bxb5 Nbxd5 44. exd5 Rxb5 45. Rc7 Rb7 46. Rc2 Nxd5 47.
Rd2 Nf4+ 48. Kg3 d5 49. Be3 d4 50. Bxf4 gxf4+ 51. Kh4 Rb1 52. Rd1 Rxd1 53. Qxd1
Qb2 54. Qg1 Qe2 55. g5 fxg5+ 56. Kg4 Qc4 57. Kh3 d3 58. Qa7+ Qf7 59. Qa5 Qd7+
60. Kh2 d2 61. Qxe5+ Kf7 62. Qh8 Qd3 63. Qh7+ 0-1

[Event "4NCL/Div3/CHEDP vs. NWE2"]
[Site "Sunningdale ENG"]
[Date "2006.09.17"]
[Round "2.1"]
[White "Wallace, Paul A"]
[Black "Hulmes, David I"]
[Result "1-0"]
[WhiteElo "2242"]
[BlackElo "2225"]
[PlyCount "119"]
[EventDate "2006.09.17"]
[EventType "team"]
[EventRounds "11"]
[EventCountry "ENG"]
[WhiteTeam "Cheddleton"]
[BlackTeam "N W Eagles 2"]

1. e4 e5 2. Nf3 Nc6 3. Bb5 f5 4. d3 fxe4 5. dxe4 Nf6 6. O-O Bc5 7. Bg5 d6 8.
Qe2 Bd7 9. Qc4 h6 10. Bxc6 bxc6 11. Nxe5 dxe5 12. Bxf6 Bxf2+ 13. Rxf2 gxf6 14.
Nc3 Qe7 15. Na4 Rb8 16. c3 Rf8 17. Nc5 Bc8 18. b4 Qf7 19. Qd3 Qg7 20. Rf3 Ke7
21. Rg3 Qf7 22. Qd2 Qh7 23. Rd1 Qh8 24. Rd3 Re8 25. Rd7+ Bxd7 26. Qxd7+ Kf8 27.
Ne6+ Kg8 28. Nxc7 Rf8 29. Qg4+ Qg7 30. Qxg7+ Kxg7 31. Ne6+ Kg6 32. Nxf8+ Rxf8
33. Kf2 Kg5 34. Ke3 Rf7 35. Rd8 f5 36. Rg8+ Kf6 37. exf5 Kxf5 38. g4+ Kf6 39.
h4 c5 40. b5 h5 41. Ke4 hxg4 42. Rxg4 Rh7 43. a4 Rh8 44. a5 Rb8 45. c4 Rd8 46.
h5 Rd4+ 47. Kf3 Rd3+ 48. Ke2 Rh3 49. Rg6+ Kf5 50. Ra6 Ke4 51. Rxa7 Rh2+ 52. Kf1
Kd3 53. b6 e4 54. Rd7+ Kxc4 55. b7 Rb2 56. a6 e3 57. a7 e2+ 58. Ke1 Ra2 59.
b8=Q Rb2 60. Qf4+ 1-0

[Event "4NCL/Div3/CHEDP vs. NWE2"]
[Site "Sunningdale ENG"]
[Date "2006.09.17"]
[Round "2.2"]
[White "Coates, Kenneth G"]
[Black "Harman, Kenneth B"]
[Result "1-0"]
[WhiteElo "2218"]
[BlackElo "2231"]
[PlyCount "53"]
[EventDate "2006.09.17"]
[EventType "team"]
[EventRounds "11"]
[EventCountry "ENG"]
[WhiteTeam "N W Eagles 2"]
[BlackTeam "Cheddleton"]

1. e4 c5 2. c3 d5 3. exd5 Qxd5 4. d4 Nc6 5. Nf3 Bg4 6. dxc5 Qxd1+ 7. Kxd1 e5 8.
b4 e4 9. h3 Bh5 10. g4 Bxg4 11. hxg4 exf3 12. Bh3 Nf6 13. Re1+ Be7 14. Kc2 h5
15. g5 Ng4 16. Be3 O-O 17. Nd2 Nxe3+ 18. Rxe3 Bxg5 19. Rxf3 Bxd2 20. Kxd2 Rad8+
21. Rd3 Ne5 22. Rxd8 Rxd8+ 23. Kc2 f6 24. Bg2 b6 25. c6 Kf8 26. Rd1 Rxd1 27. c7
1-0

[Event "4NCL/Div3/CHEDP vs. NWE2"]
[Site "Sunningdale ENG"]
[Date "2006.09.17"]
[Round "2.3"]
[White "Richardson, Alex"]
[Black "Mulligan, Stephen"]
[Result "1/2-1/2"]
[WhiteElo "2100"]
[BlackElo "2199"]
[PlyCount "32"]
[EventDate "2006.09.17"]
[EventType "team"]
[EventRounds "11"]
[EventCountry "ENG"]
[WhiteTeam "Cheddleton"]
[BlackTeam "N W Eagles 2"]

1. e4 e5 2. Nf3 d6 3. Bc4 Be7 4. d4 exd4 5. Nxd4 Nf6 6. Nc3 O-O 7. O-O Nxe4 8.
Nxe4 d5 9. Bd3 dxe4 10. Bxe4 Nd7 11. c3 Nf6 12. Bf3 c6 13. Re1 Bc5 14. Be3 Bxd4
15. Qxd4 Qxd4 16. Bxd4 Be6 1/2-1/2

[Event "4NCL/Div3/CHEDP vs. NWE2"]
[Site "Sunningdale ENG"]
[Date "2006.09.17"]
[Round "2.4"]
[White "Lyell, Meri"]
[Black "Bennett, Patrick"]
[Result "0-1"]
[WhiteElo "2067"]
[BlackElo "2128"]
[PlyCount "117"]
[EventDate "2006.09.17"]
[EventType "team"]
[EventRounds "11"]
[EventCountry "ENG"]
[WhiteTeam "N W Eagles 2"]
[BlackTeam "Cheddleton"]

1. e4 c5 2. b3 Nc6 3. Bb2 d6 4. Bb5 Bd7 5. f4 Nf6 6. Nc3 a6 7. Bxc6 Bxc6 8. Qe2
Qc7 9. Nf3 O-O-O 10. d4 d5 11. e5 Ne4 12. Nxe4 dxe4 13. Ng5 e6 14. O-O-O cxd4
15. Bxd4 b5 16. Qe3 Qb7 17. Bb6 Ba3+ 18. Kb1 Rxd1+ 19. Rxd1 h6 20. Nh3 Bd5 21.
Ba5 Be7 22. Nf2 Qc6 23. Bb6 Kb7 24. Bd4 a5 25. Re1 Rc8 26. c3 a4 27. Kb2 axb3
28. axb3 Ra8 29. Ra1 Rxa1 30. Kxa1 Bxb3 31. Kb2 Bd5 32. Qc1 Qc4 33. Qa1 Qb3+
34. Kc1 Ba3+ 35. Kd2 b4 36. Ke3 bxc3 37. Qxc3 Bc1+ 38. Ke2 Qxc3 39. Bxc3 Bxf4
40. g3 Bc1 41. Nd1 Bc4+ 42. Kf2 Ba3 43. Bd4 Kc6 44. Ke3 Bd3 45. Ba1 Bc2 46. Nc3
Kc5 47. Kd2 Bd3 48. Nd1 Bb4+ 49. Ke3 g5 50. Nf2 Kd5 51. Ng4 Bc5+ 52. Kd2 h5 53.
Ne3+ Kc6 54. Bc3 Kb5 55. Nd1 Bg1 56. h4 Bh2 57. hxg5 Bxg3 58. Ke3 Kc4 59. Ba1
0-1

[Event "4NCL/Div3/CHEDP vs. NWE2"]
[Site "Sunningdale ENG"]
[Date "2006.09.17"]
[Round "2.5"]
[White "Hamblin, David J"]
[Black "Savory, Richard"]
[Result "1/2-1/2"]
[WhiteElo "2070"]
[BlackElo "2106"]
[PlyCount "152"]
[EventDate "2006.09.17"]
[EventType "team"]
[EventRounds "11"]
[EventCountry "ENG"]
[WhiteTeam "Cheddleton"]
[BlackTeam "N W Eagles 2"]

1. d4 d5 2. c4 c6 3. Nc3 Nf6 4. e3 Bf5 5. cxd5 cxd5 6. Qb3 Qd7 7. Nf3 Nc6 8.
Ne5 Qc7 9. Nxd5 Nxd5 10. Qxd5 e6 11. Qb5 a6 12. Qa4 Bb4+ 13. Bd2 Bxd2+ 14. Kxd2
O-O 15. Rc1 Qb6 16. Nd3 Rfd8 17. f3 e5 18. b3 Rd5 19. Qc4 Rad8 20. Kd1 Be6 21.
Qc2 Nxd4 22. exd4 Rxd4 23. Ke1 Bf5 24. Qc5 Qh6 25. Kf2 Qd2+ 26. Be2 Bxd3 27.
Qxe5 Bxe2 28. Qxe2 Qxe2+ 29. Kxe2 Rd2+ 30. Ke3 Rxa2 31. Rhd1 Re8+ 32. Kf4 Rxg2
33. h4 Rg6 34. Rc7 Rf6+ 35. Kg4 h6 36. Rxb7 g6 37. Rd3 Kg7 38. Ra7 Re5 39. b4
Re1 40. Ra3 h5+ 41. Kg3 Ree6 42. Ra8 Rb6 43. Ra4 Rfd6 44. Ra7 Kf6 45. Ra5 Ke6
46. Ra8 Rdc6 47. Ra7 Kf6 48. Ra8 Kg7 49. Ra4 Kf6 50. Ra5 Ke6 51. Ra7 f5 52. Ra8
Kf6 53. Ra7 g5 54. hxg5+ Kxg5 55. Rg7+ Kf6 56. Ra7 Rxb4 57. R7xa6 h4+ 58. Kh3
Rxa6 59. Rxa6+ Kg5 60. Ra8 Kf4 61. Kxh4 Kxf3+ 62. Kh3 Re4 63. Ra3+ Re3 64. Ra4
f4 65. Kh2 Re2+ 66. Kh3 Re4 67. Ra2 Re1 68. Ra3+ Re3 69. Ra2 Rd3 70. Rb2 Ke4+
71. Kg2 Ke3 72. Ra2 Rb3 73. Rc2 Rb8 74. Rc3+ Ke2 75. Rc2+ Kd3 76. Ra2 Ke3
1/2-1/2

[Event "4NCL/Div3/CHEDP vs. NWE2"]
[Site "Sunningdale ENG"]
[Date "2006.09.17"]
[Round "2.6"]
[White "Duckers, Harvey L"]
[Black "Butterworth, Andrew"]
[Result "1/2-1/2"]
[WhiteElo "2115"]
[BlackElo "2095"]
[PlyCount "108"]
[EventDate "2006.09.17"]
[EventType "team"]
[EventRounds "11"]
[EventCountry "ENG"]
[WhiteTeam "N W Eagles 2"]
[BlackTeam "Cheddleton"]

1. c4 e5 2. Nc3 Nf6 3. Nf3 Nc6 4. d3 d5 5. cxd5 Nxd5 6. g3 Be7 7. Bg2 Nb6 8.
O-O O-O 9. a3 a5 10. Be3 f5 11. Na4 Nxa4 12. Qxa4 Be6 13. Rac1 Bd5 14. Rfe1 g5
15. Qb5 g4 16. Nxe5 Bxg2 17. Kxg2 Nxe5 18. Qxe5 Qd6 19. Bf4 Qxe5 20. Bxe5 c6
21. Rc4 Bf6 22. Bxf6 Rxf6 23. Rec1 Re6 24. e3 Kf7 25. h4 Kf6 26. Rc5 Re5 27. a4
Rxc5 28. Rxc5 Ra6 29. e4 fxe4 30. dxe4 Rb6 31. Rf5+ Ke6 32. Rxa5 Rxb2 33. Rh5
Rb4 34. Rxh7 Rxa4 35. Rxb7 Rxe4 36. h5 Re5 37. h6 Rh5 38. h7 Ke5 39. Rc7 Ke4
40. Re7+ Kf5 41. f4 gxf3+ 42. Kxf3 Kg6 43. Re6+ Kxh7 44. Rxc6 Ra5 45. g4 Ra4
46. Kg3 Kg7 47. Kh4 Ra1 48. Kh5 Ra2 49. Rc7+ Kg8 50. g5 Ra6 51. Rb7 Rc6 52. Rb4
Kg7 53. Rb5 Ra6 54. g6 Ra1 1/2-1/2

[Event "4NCL/Div3/CHEDP vs. NWE2"]
[Site "Sunningdale ENG"]
[Date "2006.09.17"]
[Round "2.7"]
[White "Yu, Yangshi"]
[Black "Morrison, Lynne"]
[Result "1-0"]
[WhiteElo "2050"]
[BlackElo "1969"]
[PlyCount "93"]
[EventDate "2006.09.17"]
[EventType "team"]
[EventRounds "11"]
[EventCountry "ENG"]
[WhiteTeam "Cheddleton"]
[BlackTeam "N W Eagles 2"]

1. e4 c5 2. Nf3 d6 3. d4 cxd4 4. Nxd4 Nf6 5. Nc3 e6 6. Be3 Be7 7. g4 a6 8. g5
Nfd7 9. h4 b5 10. a3 Bb7 11. Rg1 Ne5 12. Qh5 g6 13. Qd1 Nc4 14. Bxc4 bxc4 15.
Qd2 Nd7 16. Nde2 Ne5 17. Rg3 Qc7 18. Bd4 Rf8 19. O-O-O Bc6 20. f4 Nd7 21. f5
Nc5 22. Bxc5 dxc5 23. Qe3 Qe5 24. Qf4 Qxf4+ 25. Nxf4 gxf5 26. exf5 exf5 27. Re3
Rd8 28. Rde1 Be4 29. Nxe4 fxe4 30. Rxe4 Rd7 31. Rxc4 Kd8 32. Rce4 Bd6 33. Nh5
Bh2 34. Nf6 Rb7 35. Re8+ Rxe8 36. Rxe8+ Kc7 37. Re7+ Kc6 38. Rxb7 Kxb7 39. Nxh7
Kc6 40. Nf6 Kd6 41. Kd2 Ke6 42. Ne4 Kd5 43. Ke3 Bg1+ 44. Kf3 Bh2 45. h5 Be5 46.
h6 Bxb2 47. Nf6+ 1-0

[Event "4NCL/Div3/CHEDP vs. NWE2"]
[Site "Sunningdale ENG"]
[Date "2006.09.17"]
[Round "2.8"]
[White "Coates, Christine"]
[Black "Whitfield, Craig M"]
[Result "0-1"]
[WhiteElo "1525"]
[BlackElo "1895"]
[PlyCount "80"]
[EventDate "2006.09.17"]
[EventType "team"]
[EventRounds "11"]
[EventCountry "ENG"]
[WhiteTeam "N W Eagles 2"]
[BlackTeam "Cheddleton"]

1. d4 Nf6 2. Nf3 g6 3. Bf4 Bg7 4. e3 d6 5. Bd3 O-O 6. Nbd2 c5 7. c3 Nc6 8. O-O
a6 9. Re1 b5 10. dxc5 dxc5 11. Bc2 b4 12. cxb4 cxb4 13. Nb3 Nh5 14. Rb1 Nxf4
15. exf4 Qc7 16. Qd2 Rd8 17. Qe3 Be6 18. Red1 a5 19. Ng5 Bd5 20. Be4 Bxe4 21.
Nxe4 Bxb2 22. g3 Bg7 23. Qf3 Nd4 24. Nxd4 Rxd4 25. Rxd4 Bxd4 26. Nf6+ exf6 27.
Qxa8+ Kg7 28. Rd1 Qb6 29. Qf3 a4 30. Rd2 b3 31. axb3 axb3 32. Qd1 b2 33. Qb1
Qb4 34. Rc2 Bc3 35. Kg2 Qa3 36. Re2 Qa1 37. Qe4 b1=Q 38. Qe8 Qh1+ 39. Kh3 Qaf1+
40. Kg4 f5+ 0-1

[Event "4NCL/Div3/BRJ vs. SLOS3"]
[Site "Sunningdale ENG"]
[Date "2006.09.17"]
[Round "2.1"]
[White "Girdlestone, Paul"]
[Black "Cox, Tristan"]
[Result "1/2-1/2"]
[WhiteElo "2225"]
[BlackElo "2062"]
[PlyCount "34"]
[EventDate "2006.09.17"]
[EventType "team"]
[EventRounds "11"]
[EventCountry "ENG"]
[WhiteTeam "Brown Jack"]
[BlackTeam "Slough Sharks 3"]

1. d4 d5 2. Nf3 Nf6 3. g3 g6 4. Bg2 Bg7 5. c4 O-O 6. cxd5 Nxd5 7. O-O Nc6 8. e4
Nb6 9. d5 Na5 10. Nc3 c6 11. dxc6 Nxc6 12. Qe2 Bg4 13. Be3 Ne5 14. Rfd1 Qc8 15.
Bxb6 Nxf3+ 16. Bxf3 Bxf3 17. Qxf3 Bxc3 1/2-1/2

[Event "4NCL/Div3/BRJ vs. SLOS3"]
[Site "Sunningdale ENG"]
[Date "2006.09.17"]
[Round "2.2"]
[White "Lewis, Andrew"]
[Black "Richmond, Peter A"]
[Result "1/2-1/2"]
[WhiteElo "2005"]
[BlackElo "2248"]
[PlyCount "52"]
[EventDate "2006.09.17"]
[EventType "team"]
[EventRounds "11"]
[EventCountry "ENG"]
[WhiteTeam "Slough Sharks 3"]
[BlackTeam "Brown Jack"]

1. Nf3 d5 2. g3 c5 3. Bg2 Nc6 4. d3 Nf6 5. O-O g6 6. Nbd2 Bg7 7. e4 O-O 8. Re1
dxe4 9. dxe4 b6 10. c3 Qc7 11. Qc2 Rd8 12. Nc4 Ba6 13. Bf4 Qb7 14. Bf1 Nh5 15.
Be3 Rd7 16. Rad1 Rad8 17. a4 Qa8 18. Rxd7 Rxd7 19. Rd1 Rxd1 20. Qxd1 Qc8 21.
Nfd2 Qd8 22. Qc2 Nf6 23. h3 Bb7 24. Qd3 Qxd3 25. Bxd3 Nd7 26. f4 Kf8 1/2-1/2

[Event "4NCL/Div3/BRJ vs. SLOS3"]
[Site "Sunningdale ENG"]
[Date "2006.09.17"]
[Round "2.3"]
[White "Haydon, Richard"]
[Black "Sparkes, Daniel A"]
[Result "1-0"]
[WhiteElo "2195"]
[BlackElo "2015"]
[PlyCount "75"]
[EventDate "2006.09.17"]
[EventType "team"]
[EventRounds "11"]
[EventCountry "ENG"]
[WhiteTeam "Brown Jack"]
[BlackTeam "Slough Sharks 3"]

1. Nf3 Nf6 2. g3 g6 3. Bg2 Bg7 4. O-O O-O 5. c4 c5 6. Nc3 Nc6 7. d4 cxd4 8.
Nxd4 Nxd4 9. Qxd4 d6 10. Qd3 Rb8 11. Bd2 Be6 12. Rac1 a6 13. b3 Nd7 14. Bg5 h6
15. Be3 Kh7 16. Qd2 Qa5 17. Ba7 Ra8 18. Bd4 Rab8 19. Bxg7 Kxg7 20. Rfd1 Nf6 21.
Qb2 Kh7 22. Nd5 Bxd5 23. Bxd5 Nxd5 24. Rxd5 Qb6 25. h4 Rbc8 26. h5 Rc5 27. Qd4
Qc7 28. Rc3 Rxd5 29. cxd5 Qd7 30. Re3 Rc8 31. Qf4 Kg7 32. hxg6 fxg6 33. Re6 Rg8
34. Qh4 Kf7 35. Qxh6 Qc7 36. Re4 Rg7 37. Rf4+ Kg8 38. Qh3 1-0

[Event "4NCL/Div3/BRJ vs. SLOS3"]
[Site "Sunningdale ENG"]
[Date "2006.09.17"]
[Round "2.4"]
[White "Edgell, Ben P"]
[Black "Richmond, Jane"]
[Result "1-0"]
[WhiteElo "2005"]
[BlackElo "2163"]
[PlyCount "57"]
[EventDate "2006.09.17"]
[EventType "team"]
[EventRounds "11"]
[EventCountry "ENG"]
[WhiteTeam "Slough Sharks 3"]
[BlackTeam "Brown Jack"]

1. d4 Nf6 2. Nf3 e6 3. g3 c5 4. c4 b6 5. Bg2 Bb7 6. O-O Be7 7. Nc3 O-O 8. d5 d6
9. e4 e5 10. Nh4 Ne8 11. Nf5 g6 12. Nh6+ Kh8 13. f4 Nd7 14. f5 Bf6 15. h4 Qe7
16. Be3 Ng7 17. Bh3 g5 18. Qd2 gxh4 19. g4 Rg8 20. Kh2 Ne8 21. Nxg8 Kxg8 22. g5
Bh8 23. f6 Qd8 24. Qe2 Nf8 25. Bf5 Bc8 26. Qh5 Ng6 27. Bxg6 hxg6 28. Qxh4 a6
29. Kg3 1-0

[Event "4NCL/Div3/BRJ vs. SLOS3"]
[Site "Sunningdale ENG"]
[Date "2006.09.17"]
[Round "2.5"]
[White "Bourne, Johnathan"]
[Black "Makepeace, Philip J"]
[Result "1/2-1/2"]
[WhiteElo "2090"]
[BlackElo "1954"]
[PlyCount "98"]
[EventDate "2006.09.17"]
[EventType "team"]
[EventRounds "11"]
[EventCountry "ENG"]
[WhiteTeam "Brown Jack"]
[BlackTeam "Slough Sharks 3"]

1. d4 Nf6 2. Bg5 Ne4 3. Bf4 e6 4. f3 Bd6 5. Bxd6 Nxd6 6. e4 f5 7. Nc3 O-O 8. e5
Nf7 9. f4 d6 10. Nf3 dxe5 11. dxe5 Qe7 12. Qd2 Rd8 13. Bd3 g5 14. g4 fxg4 15.
Nxg5 Nxg5 16. fxg5 Rxd3 17. Qxd3 Qxg5 18. O-O Nd7 19. Rae1 Kg7 20. Qg3 b6 21.
Ne4 Qg6 22. Nf6 h5 23. Qg2 Rb8 24. Qc6 g3 25. h3 Kh8 26. Nxd7 Bxd7 27. Qe4 Qxe4
28. Rxe4 Bb5 29. c4 Bc6 30. Rh4 g2 31. Rf6 Rd8 32. Rxh5+ Kg7 33. Rg5+ Kh7 34.
Rh5+ Kg7 35. Rg5+ Kh7 36. Rxg2 Bxg2 37. Kxg2 Kg7 38. Rxe6 Kf7 39. Rc6 Rd2+ 40.
Kf3 Rxb2 41. Rxc7+ Ke6 42. Rxa7 Kxe5 43. a4 Rb3+ 44. Kg4 Rb4 45. a5 Rxc4+ 46.
Kg5 bxa5 47. Rxa5+ Ke6 48. h4 Kf7 49. h5 Rc6 1/2-1/2

[Event "4NCL/Div3/BRJ vs. SLOS3"]
[Site "Sunningdale ENG"]
[Date "2006.09.17"]
[Round "2.6"]
[White "Coddington, Oliver"]
[Black "Hall, Daniel J"]
[Result "0-1"]
[WhiteElo "1971"]
[BlackElo "2069"]
[PlyCount "71"]
[EventDate "2006.09.17"]
[EventType "team"]
[EventRounds "11"]
[EventCountry "ENG"]
[WhiteTeam "Slough Sharks 3"]
[BlackTeam "Brown Jack"]

1. d4 Nf6 2. Nf3 g6 3. g3 Bg7 4. Bg2 O-O 5. O-O d6 6. b3 Nbd7 7. Bb2 e5 8. e3
Re8 9. c4 e4 10. Nfd2 Nf8 11. Nc3 Bf5 12. Qe2 Qe7 13. Nd5 Nxd5 14. cxd5 h5 15.
Qb5 Rab8 16. Rac1 Rec8 17. Qa5 c5 18. dxc6 bxc6 19. Ba3 Rb5 20. Qa4 Nh7 21. Nc4
Rd5 22. Nxd6 Rxd6 23. Bxd6 Qxd6 24. Qxa7 Ng5 25. Rc3 Qe6 26. Qa6 Bh3 27. Bxh3
Qxh3 28. f4 Nf3+ 29. Rxf3 exf3 30. Qf1 Qg4 31. Kf2 Re8 32. Qh1 Bxd4 33. Rd3 Bc5
34. Qxf3 Qe6 35. Ke2 Ra8 36. Rd2 0-1

[Event "4NCL/Div3/BRJ vs. SLOS3"]
[Site "Sunningdale ENG"]
[Date "2006.09.17"]
[Round "2.7"]
[White "Cabero, Pablo Padilla"]
[Black "Mitchell, Stephen R"]
[Result "1-0"]
[WhiteElo "2085"]
[BlackElo "1985"]
[PlyCount "29"]
[EventDate "2006.09.17"]
[EventType "team"]
[EventRounds "11"]
[EventCountry "ENG"]
[WhiteTeam "Brown Jack"]
[BlackTeam "Slough Sharks 3"]

1. e4 e5 2. Nf3 Nc6 3. d4 exd4 4. Nxd4 Nf6 5. Bc4 Nxe4 6. O-O d5 7. Bb5 Bd7 8.
Re1 Nxd4 9. Bxd7+ Qxd7 10. Qxd4 Bc5 11. Qxc5 O-O-O 12. Qxa7 c6 13. Bf4 Nd6 14.
Nc3 g5 15. Na4 1-0

[Event "4NCL/Div3/BRJ vs. SLOS3"]
[Site "Sunningdale ENG"]
[Date "2006.09.17"]
[Round "2.8"]
[White "Pozzo, Sebastian"]
[Black "Thomas, Nicola D"]
[Result "0-1"]
[WhiteElo "1999"]
[BlackElo "1910"]
[PlyCount "90"]
[EventDate "2006.09.17"]
[EventType "team"]
[EventRounds "11"]
[EventCountry "ENG"]
[WhiteTeam "Slough Sharks 3"]
[BlackTeam "Brown Jack"]

1. c4 e5 2. Nc3 Nf6 3. g3 Nc6 4. Bg2 Bc5 5. e3 O-O 6. Nge2 Re8 7. O-O a6 8. d4
exd4 9. exd4 Ba7 10. h3 Ne7 11. Bg5 Ng6 12. Nd5 c6 13. Nxf6+ gxf6 14. Bh6 d5
15. c5 Be6 16. h4 Qd7 17. Kh2 Kh8 18. f3 Rg8 19. Nf4 Nxf4 20. Bxf4 Rg7 21. Qd2
Rag8 22. Rg1 Qd8 23. Bf1 Bb8 24. Bd3 Bc7 25. h5 Qb8 26. Bxc7 Qxc7 27. Qh6 Qd8
28. g4 f5 29. Kh3 Qg5 30. Qxg5 Rxg5 31. Be2 fxg4+ 32. fxg4 Rxh5+ 33. Kg3 Rhg5
34. Kf4 h5 35. Rh1 Bxg4 36. Bxg4 Rxg4+ 37. Ke5 h4 38. Raf1 Kg7 39. Rf5 Re8+ 40.
Kd6 Rxd4 41. Kd7 Kg6 42. Rhf1 Rh8 43. Rf6+ Kg5 44. Rxf7 h3 45. Rg7+ Kh4 0-1

[Event "4NCL/Div3/MIN vs. FCA1"]
[Site "Sunningdale ENG"]
[Date "2006.09.17"]
[Round "2.1"]
[White "Almond, Richard"]
[Black "Hetey, Laszlo"]
[Result "1/2-1/2"]
[WhiteElo "2121"]
[BlackElo "2331"]
[PlyCount "60"]
[EventDate "2006.09.17"]
[EventType "team"]
[EventRounds "11"]
[EventCountry "ENG"]
[WhiteTeam "Mind Sports"]
[BlackTeam "FCA Solutions 1"]

1. d4 Nf6 2. c4 e6 3. Nc3 Bb4 4. Qc2 O-O 5. a3 Bxc3+ 6. Qxc3 b6 7. Bg5 Ba6 8.
e3 d6 9. Bd3 Nbd7 10. Ne2 c5 11. O-O Rc8 12. Qb3 h6 13. Bh4 cxd4 14. exd4 e5
15. Bxf6 Qxf6 16. Qa4 Nb8 17. Rfd1 Rfe8 18. dxe5 dxe5 19. Nc3 Qc6 20. Qxc6 Nxc6
21. Bf5 Rc7 22. Bd7 Rd8 23. Bxc6 Rxd1+ 24. Rxd1 Rxc6 25. b3 Kh7 26. h4 Bc8 27.
Nb5 a6 28. Na7 Rc7 29. Nxc8 Rxc8 30. Rd6 Rb8 1/2-1/2

[Event "4NCL/Div3/MIN vs. FCA1"]
[Site "Sunningdale ENG"]
[Date "2006.09.17"]
[Round "2.2"]
[White "Tipplestone, Charles"]
[Black "Edwards, Ray B"]
[Result "1/2-1/2"]
[WhiteElo "2203"]
[BlackElo "2121"]
[PlyCount "61"]
[EventDate "2006.09.17"]
[EventType "team"]
[EventRounds "11"]
[EventCountry "ENG"]
[WhiteTeam "FCA Solutions 1"]
[BlackTeam "Mind Sports"]

1. e4 c6 2. d4 d5 3. Nd2 dxe4 4. Nxe4 Nd7 5. Bc4 Ngf6 6. Nxf6+ Nxf6 7. c3 e6 8.
Nf3 Be7 9. O-O O-O 10. Qe2 c5 11. Bg5 cxd4 12. Rad1 Bd7 13. Rxd4 Qc7 14. Ne5
Rad8 15. Re1 Bc8 16. Rh4 Nd5 17. Qh5 h6 18. Bxe7 Qxe7 19. g3 Nf6 20. Qe2 Rd6
21. Nf3 Rfd8 22. Rd4 a6 23. Qe5 b5 24. Bf1 Bb7 25. Rxd6 Qxd6 26. Qxd6 Rxd6 27.
Nd4 Nd7 28. Nb3 Kf8 29. Be2 Ke7 30. Kf1 Nb6 31. Nc5 1/2-1/2

[Event "4NCL/Div3/MIN vs. FCA1"]
[Site "Sunningdale ENG"]
[Date "2006.09.17"]
[Round "2.3"]
[White "James, Stephen B"]
[Black "Macdonald-Ross, Michael"]
[Result "1/2-1/2"]
[WhiteElo "2046"]
[BlackElo "2160"]
[PlyCount "41"]
[EventDate "2006.09.17"]
[EventType "team"]
[EventRounds "11"]
[EventCountry "ENG"]
[WhiteTeam "Mind Sports"]
[BlackTeam "FCA Solutions 1"]

1. e4 c6 2. d4 d5 3. exd5 cxd5 4. c4 Nf6 5. Nc3 e6 6. Nf3 Bb4 7. cxd5 Nxd5 8.
Qc2 Qc7 9. Bd2 Nc6 10. Nxd5 Bxd2+ 11. Qxd2 exd5 12. Rc1 Qe7+ 13. Be2 O-O 14.
O-O Qf6 15. h3 Bf5 16. Qf4 Rfe8 17. Rfe1 Re4 18. Qc7 Re7 19. Qf4 Re4 20. Qc7
Re7 21. Qf4 1/2-1/2

[Event "4NCL/Div3/MIN vs. FCA1"]
[Site "Sunningdale ENG"]
[Date "2006.09.17"]
[Round "2.4"]
[White "Smith, Graham"]
[Black "Ackley, Peter"]
[Result "1-0"]
[WhiteElo "2128"]
[BlackElo "2111"]
[PlyCount "121"]
[EventDate "2006.09.17"]
[EventType "team"]
[EventRounds "11"]
[EventCountry "ENG"]
[WhiteTeam "FCA Solutions 1"]
[BlackTeam "Mind Sports"]

1. d4 e6 2. Nf3 f5 3. e4 fxe4 4. Ng5 Nf6 5. f3 c5 6. fxe4 cxd4 7. Bd3 Nc6 8.
O-O Bd6 9. Na3 O-O 10. Nc4 Be5 11. b4 Qc7 12. h3 d6 13. b5 Nb4 14. Ba3 Nxd3 15.
cxd3 Re8 16. Rc1 Qd8 17. Qb3 Bg3 18. Rc2 h6 19. Nf3 d5 20. Ncd2 Bf4 21. e5 Be3+
22. Kh2 Nd7 23. Re1 a6 24. bxa6 Rxa6 25. Nf1 Rb6 26. Bb4 Nb8 27. Nxe3 dxe3 28.
Rxe3 Nc6 29. a3 Bd7 30. Qc3 Nxb4 31. axb4 Rc6 32. Qd2 Rxc2 33. Qxc2 Qb6 34. Qc5
Qxc5 35. bxc5 Rc8 36. d4 Ra8 37. Rb3 Bc6 38. Rb2 Ra3 39. Kg3 Kf7 40. h4 g6 41.
Kf4 Ra1 42. g3 Ra3 43. Rb4 Ra2 44. Rb3 Ra4 45. Ke3 Ra1 46. Nd2 Rg1 47. Kf2 Ra1
48. Rf3+ Ke7 49. Rf6 Be8 50. Ke3 Ra3+ 51. Kf4 Rd3 52. Nf3 Rd1 53. h5 gxh5 54.
Rxh6 Rf1 55. Rh7+ Bf7 56. Ke3 Kf8 57. Rh8+ Kg7 58. Rb8 Rb1 59. c6 Rc1 60. cxb7
Rb1 61. Ng5 1-0